| 000 | 00000nam##2200000za#4500 |
| 001 | 9.615616 |
| 003 | CaOODSP |
| 005 | 20200706133954 |
| 007 | ta |
| 008 | 150406|2001||||xxc||||| f|0| 0 eng|d |
| 020 | |a0-660-18539-3 |
| 022 | |a1200-5223 |
| 040 | |aCaOODSP|beng |
| 043 | |an-cn--- |
| 086 | 1 |aCS11-0019/170E |
| 245 | 00|aIncome prospects of British Columbia university graduates / |cby Andrew Heisz. |
| 260 | |aOttawa - Ontario : |bStatistics Canada. |c2001. |
| 300 | |a38p. : |bgraphs, tables ; |c28 cm. |
| 490 | 1 |aResearch paper series|x1200-5223|vNo. 170 |
| 500 | |a"One question facing analysts and critics of the post secondary education system in Canada is: What are the returns to education? High school students ask: should I go on to university, college or a trade program, and what should I take? Governments and policy makers ask what kind of education they should be funding? Analysts of the macro-economy examines human capital investment and try to understand the connection between a country's brainpower and its aggregate growth rate and income inequality."--Page 1. |
| 504 | |aBibliography. |
| 520 | 3 |aOne question facing analysts and critics of the post secondary education system in Canada is: What are the returns to education? High school students ask: should I go on to university, college or a trade program, and what should I take? Governments and policy makers ask what kind of education they should be funding? Analysts of the macro-economy examines human capital investment and try to understand the connection between a country's brainpower and its aggregate growth rate and income inequality.--Page 1 |
| 563 | |aSoftcover |
| 590 | |a01-19|b2001-05-11 |
| 710 | 2 |aStatistics Canada. |bAnalytical Studies Branch. |
| 720 | 1 |aHeisz, Andrew |
| 776 | 0#|tIncome prospects of British Columbia university graduates / |w(CaOODSP)9.557816 |
| 830 | #0|aResearch paper series,|x1200-5223|vNo. 170|w(CaOODSP)9.514463 |